| 000 | 00460nam a2200145Ia 4500 | ||
|---|---|---|---|
| 008 | 200915s9999 xx 000 0 und d | ||
| 020 | _a978-1-119-52707-7 | ||
| 100 | _aTaylor, Allen G. | ||
| 245 |
_cAllen G. Taylor.-- _aSQL for dummies / |
||
| 250 | _a9th ed. | ||
| 260 |
_aNew Jersey : _bJohn Wiley & Sons, Inc. _c2019 |
||
| 300 |
_axv , 494 pages : _billustrations ; _c23 cm. |
||
| 650 | _aComputer programming. | ||
| 650 | _aSQL (Computer program language). | ||
| 999 |
_c364221 _d364221 |
||